00869cam a2200265 i 450000100090000000300040000900500170001300800410003001000170007102000180008804000280010604200080013405000230014208200170016510000370018224500990021925000200031826400360033830000400037450400510041465000270046565000480049270000330054070000300057321667417OSt20230819113443.0200812s2020 njua b 001 0 eng  a 2020302202 a9789356064690 aDLCbengcDLCerdadDLC apcc00aHF1017b.B382 202000a519.5bLEV/B a Levine, David Md1946-eauthor.10aBusiness statistics :ba first course /cDavid M. Levine, Kathryn A. Szabat, David F. Stephan. aEighth edition. 1aHoboken, NJ :bPearson,c[2020] a796 pages :billustrations ;c28 cm aIncludes bibliographical references and index. 0aCommercial statistics. 0aIndustrial managementxStatistical methods.1 aSzabat, Kathryn A.,eauthor.1 aStephan, David.,eauthor.